| 000 | 00513nam a22001697a 4500 | ||
|---|---|---|---|
| 003 | SGT | ||
| 020 | _a9788131773710 | ||
| 082 | _a546,SVE | ||
| 100 | _aSVEHLA,G | ||
| 245 | _aVOGELS'S QUALITATIVE INORGANIC ANALYSIS | ||
| 250 | _a7TH | ||
| 260 |
_aNEW DELHI _bPEARSON _c2015 |
||
| 300 | _a372 | ||
| 650 | _aINORGANIC CHEMISTRY | ||
| 653 | _aEXPERIMENTAL TECHNIQUES, REACTIONS OF THE CATIONS , REACTIONS OF THE ANIONS, SELECTED TESTS AND SEPARATIONS , REACTIONS OF SOME LESS COMMON IONS, | ||
| 942 |
_2ddc _cFPS _02 |
||
| 999 |
_c9454 _d9454 |
||